Word Ladder: Taxi Driver Quiz Stats

 Plays Quiz Updated Jan 20, 2016

Challenge
Share
Tweet
Embed
Score 0/16 Timer 02:00
0 Plays Today
Hint 3-Letter Word % Correct
The ___ CommandmentsTEN
98.6%
2,000 poundsTON
98%
▶ ___ little, ___ late ◀TOO
97.6%
Barbie's beauKEN
97.6%
Frying utensilPAN
97.5%
Attach tail on donkeyPIN
97.2%
▶ Relatives ◀KIN
96.4%
Sun-kissed skin shadeTAN
95.2%
Hint 3-Letter Word % Correct
Dove callCOO
93.1%
British runner SebastianCOE
72.4%
Three Stooges' HowardMOE
67.3%
▶ A marble used as a shooter ◀TAW
42.1%
Turn on vertical axis (flight)YAW
38.9%
▶ Red-berried conifer (Taxus) ◀YEW
38.8%
▶ A personalized icon on Nintendo ◀MII?
34.1%
A Japanese prefectureMIE
30.9%

Today's Daily Dose

You're not logged in!

Compare scores with friends on all Sporcle quizzes.
OR
Log In

You Might Also Like...

Show Comments

Extras

Top Quizzes Today


Score Distribution

Your Account Isn't Verified!

In order to create a playlist on Sporcle, you need to verify the email address you used during registration. Go to your Sporcle Settings to finish the process.

Report this User

Report this user for behavior that violates our Community Guidelines.

Details: